Southville International School and Colleges
Your cart is empty.
  • Cart
  • Lists
    Public lists Eva Luna New books Lux_list list_1
    Your lists Log in to create your own lists
  • Log in to your account
  • Your cookies
  • Search history
Southville International School and Colleges
  • Advanced search
  • Recent comments
  • Most popular
  • Libraries

Log in to your account

Log in with GOOGLE


If you do not have an external account, but do have a local account, you can still log in:

  1. Home
  2. MARC view: Otherwise known as Sheila the Great./
Normal view MARC view ISBD view

Otherwise known as Sheila the Great./ (Record no. 33845)

[ view plain ]
MARC details
000 -LEADER
fixed length control field 01110cam a2200349 4500
001 - CONTROL NUMBER
control field 4552074
003 - CONTROL NUMBER IDENTIFIER
control field OSt
005 - DATE AND TIME OF LATEST TRANSACTION
control field 20140310184343.0
008 - FIXED-LENGTH DATA ELEMENTS--GENERAL INFORMATION
fixed length control field 721227s1972 nyu j 000 1 eng
010 ## - LIBRARY OF CONGRESS CONTROL NUMBER
LC control number 72078082
020 ## - INTERNATIONAL STANDARD BOOK NUMBER
International Standard Book Number 9780439559874
040 ## - CATALOGING SOURCE
Original cataloging agency DLC
Transcribing agency DLC
Modifying agency DLC
042 ## - AUTHENTICATION CODE
Authentication code lcac
050 00 - LIBRARY OF CONGRESS CALL NUMBER
Classification number PZ 7
Item number .B6265Ot 1972
100 1# - MAIN ENTRY--PERSONAL NAME
Personal name Blume, Judy.
9 (RLIN) 6113
245 10 - TITLE STATEMENT
Title Otherwise known as Sheila the Great./
Remainder of title Judy Blume.
250 ## - EDITION STATEMENT
Edition statement [1st ed.]
260 ## - PUBLICATION, DISTRIBUTION, ETC. (IMPRINT)
Place of publication, distribution, etc New York,
Name of publisher, distributor, etc scholastic Inc,
Date of publication, distribution, etc 1972
300 ## - PHYSICAL DESCRIPTION
Extent 138 p.
Dimensions 19 cm.
520 ## - SUMMARY, ETC.
Summary, etc A summer in Tarrytown, New York, is a lot of fun for ten-year-old Sheila even though her friends make her face up to some self-truths she does not want to admit.
521 ## - TARGET AUDIENCE NOTE
Target audience note
526 ## - STUDY PROGRAM INFORMATION NOTE
Reading level 590
562 ## - COPY AND VERSION IDENTIFICATION NOTE
Number of copies 1
650 #1 - SUBJECT ADDED ENTRY--TOPICAL TERM
Topical term or geographic name as entry element Self-acceptance
Form subdivision Fiction.
9 (RLIN) 24670
650 #1 - SUBJECT ADDED ENTRY--TOPICAL TERM
Topical term or geographic name as entry element Friendship
Form subdivision Fiction.
9 (RLIN) 24671
650 #1 - SUBJECT ADDED ENTRY--TOPICAL TERM
Topical term or geographic name as entry element Conduct of life
Form subdivision Fiction.
9 (RLIN) 24672
650 #1 - SUBJECT ADDED ENTRY--TOPICAL TERM
Topical term or geographic name as entry element Vacations
Form subdivision Fiction.
9 (RLIN) 24673
651 #1 - SUBJECT ADDED ENTRY--GEOGRAPHIC NAME
Geographic name Tarrytown (N.Y.)
Form subdivision Fiction.
9 (RLIN) 24674
906 ## - LOCAL DATA ELEMENT F, LDF (RLIN)
a 7
b cbc
c orignew
d 2
e opcn
f 19
g y-gencatlg
942 ## - ADDED ENTRY ELEMENTS (KOHA)
Source of classification or shelving scheme Library of Congress Classification
Koha item type
Holdings
Withdrawn status Lost status Source of classification or shelving scheme Damaged status Home library Current library Shelving location Date acquired Total Checkouts Full call number Barcode Date last seen Date checked out Copy number Price effective from Koha item type
    Library of Congress Classification   Luxembourg Library Luxembourg Library Scholastic Reading Center Section 10/07/2013 1 PZ 7 .B6265Ot 1972 LEX0085 09/20/2018 09/19/2018 1 10/07/2013 Books

Otherwise known as Sheila the Great./

APA

Blume J., . (1972). Otherwise known as Sheila the Great. New York: scholastic Inc.

Chicago

Blume Judy, . 1972. Otherwise known as Sheila the Great. New York: scholastic Inc.

Harvard

Blume J., . (1972). Otherwise known as Sheila the Great. New York: scholastic Inc.

MLA

Blume Judy, . Otherwise known as Sheila the Great. New York: scholastic Inc. 1972.

  • Place hold
  • Print
  • Cite
  • Add to your cart (remove)
  • Save record
    BIBTEX Dublin Core MARCXML MARC (non-Unicode/MARC-8) MARC (Unicode/UTF-8) MARC (Unicode/UTF-8, Standard) MODS (XML) RIS
  • More searches
    Search for this title in:
    Other Libraries (WorldCat) Other Databases (Google Scholar) Online Stores (Bookfinder.com) Open Library (openlibrary.org)

Exporting to Dublin Core...

SOUTHVILLE LIBRARY

Southville International School and Colleges Library

1281 Tropical Ave. Cor. Luxembourg St., BF Homes International, Las Pinas City

Tel. No. 8256374 / 252358 Loc. 117/146

Powered by Koha